[Event "4NCL"]
[Site "Barcelo Hotel, Hinckley Island"]
[Date "2011.05.02"]
[Round "11.16"]
[White "Mason, Donald J"]
[Black "Dorrington, Chris J"]
[Result "0-1"]
[WhiteElo "2255"]
[BlackElo "2263"]
[PlyCount "110"]
[EventDate "2011.??.??"]
[WhiteTeam "Warwickshire Select 1"]
[BlackTeam "Barbican 4NCL 2"]

1. d4 Nf6 2. c4 e6 3. Nf3 d5 4. Nc3 Bb4 5. Bg5 dxc4 6. e4 c5 7. Bxc4 cxd4 8.
Nxd4 Qa5 9. Bb5+ Bd7 10. Bxf6 gxf6 11. O-O a6 12. Bxd7+ Nxd7 13. Rc1 Rd8 14.
Nb3 Qb6 15. Qe2 Bd6 16. Rfd1 Ke7 17. Nd4 Be5 18. Nf5+ Ke8 19. Ng7+ Kf8 20. Nh5
Ke7 21. Kh1 Nc5 22. Qe3 Bxc3 23. Qxc3 Rxd1+ 24. Rxd1 Nxe4 25. Qa3+ Qc5 26.
Qxc5+ Nxc5 27. Rc1 b6 28. b4 Nd7 29. g4 Rg8 30. Rc7 Rg5 31. Nxf6 Kxf6 32. Rxd7
Rxg4 33. a3 a5 34. b5 Ra4 35. Rb7 Rxa3 36. Rxb6 Rb3 37. Kg2 Ke5 38. Rb7 Kd5 39.
b6 Kc6 40. Rxf7 Rxb6 41. Rxh7 Ra6 42. Re7 Kd6 43. Rb7 a4 44. Kg3 a3 45. Rb1 Ke5
46. h4 a2 47. Ra1 Kd4 48. Kf4 Kc3 49. Ke5 Kb2 50. Rxa2+ Rxa2 51. h5 Kc3 52. f4
Re2+ 53. Kf6 Kd4 54. h6 Rh2 55. Kxe6 Rxh6+ 0-1

[Event "4NCL"]
[Site "Barcelo Hotel, Hinckley Island"]
[Date "2011.05.02"]
[Round "11.16"]
[White "Berry, Neil"]
[Black "Pitcher, John"]
[Result "1-0"]
[WhiteElo "2331"]
[BlackElo "2217"]
[PlyCount "43"]
[EventDate "2011.??.??"]
[WhiteTeam "Barbican 4NCL 2"]
[BlackTeam "Warwickshire Select 1"]

1. d4 d5 2. c4 dxc4 3. e3 Nf6 4. Bxc4 a6 5. Nf3 e6 6. O-O c5 7. Bb3 Be7 8. Qe2
cxd4 9. exd4 O-O 10. Nc3 Nc6 11. Rd1 Nb4 12. Ne5 Nbd5 13. Bg5 Qa5 14. Rac1 Rd8
15. Qf3 Nxc3 16. Rxc3 Qb6 17. Qf4 Bd7 18. Rg3 Kf8 19. Bh6 gxh6 20. Qxh6+ Ke8
21. Qg7 Rdc8 22. Qh8+ 1-0

[Event "4NCL"]
[Site "Barcelo Hotel, Hinckley Island"]
[Date "2011.05.02"]
[Round "11.16"]
[White "Shephard, Chris CW"]
[Black "Griffiths, Ryan Rhys"]
[Result "1/2-1/2"]
[WhiteElo "2222"]
[BlackElo "2259"]
[PlyCount "37"]
[EventDate "2011.??.??"]
[WhiteTeam "Warwickshire Select 1"]
[BlackTeam "Barbican 4NCL 2"]

1. c4 c5 2. Nf3 Nc6 3. d4 cxd4 4. Nxd4 Qb6 5. e3 e6 6. Be2 Nf6 7. O-O Bc5 8.
Nf3 O-O 9. a3 d5 10. Nc3 Qd8 11. b4 Bb6 12. Bb2 d4 13. exd4 Nxd4 14. c5 Nxe2+
15. Qxe2 Bc7 16. Rad1 Bd7 17. Ne5 Bxe5 18. Qxe5 Qb8 19. Qxb8 1/2-1/2

[Event "4NCL"]
[Site "Barcelo Hotel, Hinckley Island"]
[Date "2011.05.02"]
[Round "11.16"]
[White "Bigg, Andrew J"]
[Black "Clarke, Brandon GI"]
[Result "1-0"]
[WhiteElo "2313"]
[BlackElo "2110"]
[PlyCount "147"]
[EventDate "2011.??.??"]
[WhiteTeam "Barbican 4NCL 2"]
[BlackTeam "Warwickshire Select 1"]

1. d4 d5 2. Nf3 Nf6 3. c4 c6 4. Nc3 e6 5. Bg5 Nbd7 6. cxd5 exd5 7. Qc2 Be7 8.
e3 O-O 9. Bd3 Re8 10. O-O-O h6 11. Bxf6 Nxf6 12. h3 Be6 13. g4 Nd7 14. Kb1 Qa5
15. Rhg1 b5 16. g5 h5 17. g6 f6 18. Ne2 Rac8 19. Nf4 Nf8 20. Nxe6 Nxe6 21. Bf5
Nf8 22. Bxc8 Rxc8 23. Qf5 Rb8 24. Rc1 b4 25. b3 Qb5 26. Qc2 Rb6 27. Nh4 Ne6 28.
Nf5 Kf8 29. Qd1 Ke8 30. Qxh5 Kd7 31. Qg4 Bf8 32. Rgd1 a5 33. e4 a4 34. exd5
cxd5 35. Ne3 axb3 36. axb3 Ra6 37. Qf5 Kd6 38. Rc5 Nxc5 39. dxc5+ Kc7 40. Qxd5
Qe8 41. Qd3 Ra5 42. Nd5+ Kb7 43. Nxb4 Rxc5 44. Qa6+ Kb8 45. Qb6+ Kc8 46. Nc2
Be7 47. Qe6+ Kc7 48. Re1 Kd8 49. Qb6+ Kd7 50. Qb7+ Kd6 51. Rd1+ Ke5 52. Qg2 f5
53. f4+ Kxf4 54. Nd4 Ke5 55. Qe2+ Kf6 56. Qe6+ Kg5 57. Rg1+ Kh6 58. Qe3+ f4 59.
Qxf4+ Bg5 60. Nf5+ Rxf5 61. Qxf5 Be3 62. Rg4 Qd8 63. Qc2 Qf6 64. Qd3 Qf2 65. b4
Bg5 66. Rxg5 Kxg5 67. b5 Kh6 68. Kc1 Kh5 69. Kd1 Kh4 70. Qe4+ Kg5 71. h4+ Kh6
72. Qc4 Qh2 73. Qc1+ Kxg6 74. Qc2+ 1-0

[Event "4NCL"]
[Site "Barcelo Hotel, Hinckley Island"]
[Date "2011.05.02"]
[Round "11.16"]
[White "Weaving, Richard"]
[Black "Coleman, David J"]
[Result "1/2-1/2"]
[WhiteElo "2027"]
[BlackElo "2258"]
[PlyCount "116"]
[EventDate "2011.??.??"]
[WhiteTeam "Warwickshire Select 1"]
[BlackTeam "Barbican 4NCL 2"]

1. e4 c5 2. Nc3 Nc6 3. f4 g6 4. Nf3 Bg7 5. Bb5 Nd4 6. O-O Nxb5 7. Nxb5 d5 8.
exd5 a6 9. Nc3 Nf6 10. d4 c4 11. Qe2 b5 12. a4 b4 13. Na2 a5 14. Qxc4 O-O 15.
Re1 Ba6 16. Qc5 Rc8 17. Qa7 Bc4 18. d6 exd6 19. Bd2 Bxa2 20. Rxa2 Rxc2 21. Qa6
Qc7 22. Qd3 Rc8 23. Rd1 Qb6 24. Qb5 Qa7 25. h3 Qa8 26. Ne1 R2c4 27. Nf3 Nd5 28.
b3 R4c7 29. Kh2 Re7 30. Raa1 Bh6 31. f5 Bxd2 32. Rxd2 Rce8 33. Rf2 Nc3 34. Qd3
Re3 35. Qc4 d5 36. Qc7 R8e7 37. Qf4 R3e4 38. Qg5 f6 39. Qxf6 Rf7 40. Qd6 Rxf5
41. Raf1 Re8 42. Qd7 Rf7 43. Qg4 Re4 44. Qg3 Re3 45. Qg5 Re6 46. Qh4 Re4 47.
Qh6 Qf8 48. Qxf8+ Rxf8 49. Ng5 Rxf2 50. Rxf2 Re1 51. Rf6 Ne4 52. Nxe4 Rxe4 53.
Ra6 Rxd4 54. Rxa5 Rd3 55. Rb5 Rxb3 56. Rxd5 Ra3 57. a5 b3 58. Rb5 b2 1/2-1/2

[Event "4NCL"]
[Site "Barcelo Hotel, Hinckley Island"]
[Date "2011.05.02"]
[Round "11.16"]
[White "Franklin, Samuel GA"]
[Black "Page, Mark E"]
[Result "1-0"]
[WhiteElo "2180"]
[BlackElo "2046"]
[PlyCount "73"]
[EventDate "2011.??.??"]
[WhiteTeam "Barbican 4NCL 2"]
[BlackTeam "Warwickshire Select 1"]

1. e4 c5 2. Nf3 d6 3. d4 cxd4 4. Nxd4 Nf6 5. Nc3 a6 6. f3 e5 7. Nb3 Be6 8. Be3
Be7 9. Qd2 Nbd7 10. g4 b5 11. a4 b4 12. Nd5 Bxd5 13. exd5 O-O 14. g5 Nh5 15.
Rg1 Qc7 16. O-O-O Rfc8 17. Bh3 g6 18. Bg4 Bf8 19. Bxh5 gxh5 20. Qf2 Nc5 21.
Bxc5 dxc5 22. Nd2 Qd7 23. b3 Qf5 24. Nc4 e4 25. Rgf1 exf3 26. Qxf3 Qxf3 27.
Rxf3 Rd8 28. d6 Bg7 29. Ne3 Rd7 30. Nf5 Re8 31. Ne7+ Rexe7 32. dxe7 Rxe7 33.
Rd8+ Bf8 34. Rf6 Kg7 35. Rxa6 Re1+ 36. Kd2 Rh1 37. Raa8 1-0

[Event "4NCL"]
[Site "Barcelo Hotel, Hinckley Island"]
[Date "2011.05.02"]
[Round "11.16"]
[White "Webster, Paul"]
[Black "Taylor, Peter P"]
[Result "1/2-1/2"]
[WhiteElo "2034"]
[BlackElo "2226"]
[PlyCount "60"]
[EventDate "2011.??.??"]
[WhiteTeam "Warwickshire Select 1"]
[BlackTeam "Barbican 4NCL 2"]

1. d4 Nf6 2. c4 e6 3. Nf3 c5 4. Nc3 cxd4 5. Nxd4 Bb4 6. Qc2 Nc6 7. Nxc6 dxc6 8.
Bd2 O-O 9. e3 e5 10. a3 Ba5 11. Be2 Be6 12. O-O Qe7 13. Ne4 Bxd2 14. Nxf6+ Qxf6
15. Qxd2 Rfd8 16. Qc3 Qg5 17. Rfd1 Bh3 18. g3 Qe7 19. Rxd8+ Rxd8 20. Rd1 Rxd1+
21. Bxd1 Qd6 22. Be2 c5 23. Qd3 Qxd3 24. Bxd3 Be6 25. Kf1 h6 26. Ke1 Kf8 27. f4
f6 28. Kf2 Ke7 29. Be4 b6 30. Bd3 Kd6 1/2-1/2

[Event "4NCL"]
[Site "Barcelo Hotel, Hinckley Island"]
[Date "2011.05.02"]
[Round "11.16"]
[White "Regan, Natasha K"]
[Black "James, Ann-Marie"]
[Result "1/2-1/2"]
[WhiteElo "2134"]
[BlackElo "2048"]
[PlyCount "63"]
[EventDate "2011.??.??"]
[WhiteTeam "Barbican 4NCL 2"]
[BlackTeam "Warwickshire Select 1"]

1. e4 e5 2. Nf3 Nc6 3. Bc4 Nf6 4. d3 Be7 5. a4 d6 6. c3 O-O 7. O-O h6 8. a5 a6
9. Qb3 Nh7 10. Be3 Rb8 11. d4 Bg5 12. Nxg5 Nxg5 13. d5 Ne7 14. Bxg5 hxg5 15.
Bxa6 Ng6 16. Re1 f5 17. exf5 Nf4 18. Bf1 Bxf5 19. Nd2 Qf6 20. c4 Qg6 21. Qe3 c6
22. dxc6 bxc6 23. b3 Ne6 24. Nf3 Qf6 25. Ra2 g4 26. Nd2 Nd4 27. Rc1 Bg6 28. a6
Rf7 29. b4 Ra7 30. b5 Qf7 31. Rb2 Rxa6 32. bxa6 1/2-1/2

[Event "4NCL"]
[Site "Barcelo Hotel, Hinckley Island"]
[Date "2011.05.02"]
[Round "11.17"]
[White "Slaby, Jerzy"]
[Black "Rendle, Thomas E"]
[Result "1/2-1/2"]
[WhiteElo "2481"]
[BlackElo "2397"]
[PlyCount "59"]
[EventDate "2011.??.??"]
[WhiteTeam "Pandora's Box Grantham"]
[BlackTeam "Sambuca Sharks"]

1. Nf3 f5 2. g3 Nf6 3. Bg2 g6 4. b3 Bg7 5. Bb2 O-O 6. c4 d6 7. d4 c6 8. Nbd2
Qc7 9. Qc2 Re8 10. O-O Na6 11. a3 e5 12. c5 e4 13. cxd6 Qxd6 14. Ne5 Be6 15. b4
Rac8 16. e3 Bd5 17. Rfc1 Qe6 18. h4 Nb8 19. a4 Nbd7 20. Ndc4 Bf8 21. Qd2 Red8
22. Bf1 Nxe5 23. Nxe5 Ng4 24. b5 Bd6 25. bxc6 bxc6 26. Qa5 Bxe5 27. dxe5 Rd7
28. Qc3 h6 29. Be2 Re8 30. Bxg4 1/2-1/2

[Event "4NCL"]
[Site "Barcelo Hotel, Hinckley Island"]
[Date "2011.05.02"]
[Round "11.17"]
[White "Roberson, Peter T"]
[Black "Cumbers, Paul"]
[Result "0-1"]
[WhiteElo "2274"]
[BlackElo "2214"]
[PlyCount "144"]
[EventDate "2011.??.??"]
[WhiteTeam "Sambuca Sharks"]
[BlackTeam "Pandora's Box Grantham"]

1. b3 e5 2. Bb2 Nc6 3. e3 Nf6 4. Nf3 e4 5. Nd4 Nxd4 6. Bxd4 b6 7. Be2 Bb7 8. c4
Be7 9. O-O O-O 10. d3 d5 11. dxe4 dxe4 12. Qc2 c5 13. Bc3 Qd7 14. Nd2 Qe6 15.
Qb2 Ne8 16. Kh1 f5 17. f4 exf3 18. Bxf3 Bxf3 19. gxf3 Bf6 20. Rae1 Bxc3 21.
Qxc3 Nf6 22. Rg1 Rf7 23. Rg2 Rd8 24. Nf1 Rfd7 25. Qc2 Rd3 26. Ng3 f4 27. Nf1
fxe3 28. Rge2 Qh3 29. Nxe3 Qxf3+ 30. Ng2 Ng4 31. Kg1 Rf8 32. Re8 Rxe8 33. Rxe8+
Kf7 34. Re1 Nf6 35. Rf1 Qe4 36. Rf4 Qg6 37. Qe2 Rd7 38. h3 Re7 39. Qf3 Qg5 40.
Rf5 Qc1+ 41. Kh2 Qc2 42. Kg3 Qe4 43. Qxe4 Rxe4 44. Kf3 Rd4 45. Ke3 g6 46. Rf2
g5 47. Rd2 Rxd2 48. Kxd2 Ke6 49. Ke3 Ke5 50. Ne1 g4 51. hxg4 Nxg4+ 52. Kf3 h5
53. Nc2 Nh6 54. Ne3 Nf5 55. Nd5 Nd4+ 56. Kg3 b5 57. Nc3 bxc4 58. bxc4 Nc6 59.
Nb5 Ke4 60. Kh4 Kd3 61. Nd6 Ne5 62. Kxh5 Nxc4 63. Nb7 Kd4 64. Kg4 Ne5+ 65. Kg3
c4 66. Kf2 Nd3+ 67. Ke2 Nc1+ 68. Kd2 Nxa2 69. Nd6 c3+ 70. Kc2 Nb4+ 71. Kb3 c2
72. Kb2 Kd3 0-1

[Event "4NCL"]
[Site "Barcelo Hotel, Hinckley Island"]
[Date "2011.05.02"]
[Round "11.17"]
[White "Burrows, Martin P"]
[Black "Savory, Richard J"]
[Result "1-0"]
[WhiteElo "2168"]
[BlackElo "2127"]
[PlyCount "55"]
[EventDate "2011.??.??"]
[WhiteTeam "Pandora's Box Grantham"]
[BlackTeam "Sambuca Sharks"]

1. e4 c5 2. Nf3 d6 3. d4 cxd4 4. Nxd4 Nf6 5. Nc3 a6 6. Bc4 e6 7. O-O b5 8. Bb3
Nbd7 9. Bxe6 fxe6 10. Nxe6 Qb6 11. Nd5 Nxd5 12. exd5 Ne5 13. Be3 Qb7 14. f4
Bxe6 15. dxe6 Qe4 16. Re1 Nc4 17. Bc1 Qf5 18. b3 Na5 19. Bb2 h5 20. e7 Bxe7 21.
Qxd6 Qf7 22. Ba3 O-O 23. Rxe7 Qxf4 24. Qd5+ Kh8 25. Qxh5+ Kg8 26. Qd5+ Kh8 27.
h3 Qf2+ 28. Kh1 1-0

[Event "4NCL"]
[Site "Barcelo Hotel, Hinckley Island"]
[Date "2011.05.02"]
[Round "11.17"]
[White "Kafka, Graeme"]
[Black "Mangione, Claudio"]
[Result "0-1"]
[WhiteElo "2075"]
[BlackElo "2110"]
[PlyCount "74"]
[EventDate "2011.??.??"]
[WhiteTeam "Sambuca Sharks"]
[BlackTeam "Pandora's Box Grantham"]

1. e4 g6 2. d4 Bg7 3. Bc4 d6 4. Qf3 e6 5. Ne2 Nc6 6. c3 Nf6 7. O-O e5 8. Bb5
Nd7 9. d5 Ne7 10. Bg5 O-O 11. Qe3 f6 12. Bh6 f5 13. Bxg7 Kxg7 14. f4 c6 15.
dxc6 bxc6 16. Bd3 fxe4 17. Bxe4 d5 18. Bc2 e4 19. Nd4 Nf6 20. b4 Ng4 21. Qg3
Nf5 22. Nxf5+ Bxf5 23. Na3 a5 24. b5 Qb6+ 25. Kh1 Qc5 26. c4 Ne3 27. Rfe1 d4
28. Rxe3 dxe3 29. Bb3 a4 30. Bd1 Qxa3 31. Be2 cxb5 32. cxb5 Qb2 33. Re1 Qd2 34.
Bc4 Rac8 35. Qh4 Rf6 36. Bf1 Rc1 37. Rxc1 Qxc1 0-1

[Event "4NCL"]
[Site "Barcelo Hotel, Hinckley Island"]
[Date "2011.05.02"]
[Round "11.17"]
[White "Milson, Samuel A"]
[Black "Makepeace, Philip J"]
[Result "1/2-1/2"]
[WhiteElo "2058"]
[BlackElo "2095"]
[PlyCount "112"]
[EventDate "2011.??.??"]
[WhiteTeam "Pandora's Box Grantham"]
[BlackTeam "Sambuca Sharks"]

1. e4 c6 2. d4 d5 3. e5 Bf5 4. Nf3 e6 5. Be2 c5 6. c3 Nc6 7. O-O cxd4 8. cxd4
Bb4 9. Bd2 Qb6 10. Bxb4 Qxb4 11. b3 Nge7 12. a3 Qb6 13. Nc3 Bg4 14. Na4 Qd8 15.
Ra2 Bxf3 16. Bxf3 Nf5 17. Rd2 Qe7 18. Qa1 b5 19. Rc1 Ncxd4 20. Rxd4 Nxd4 21.
Qxd4 bxa4 22. Qxa4+ Kf8 23. Qa5 g6 24. Rc7 Qg5 25. Qc3 Qf5 26. h3 Kg7 27. Bg4
Qb1+ 28. Kh2 Rae8 29. Qf3 Rhf8 30. Rxa7 h5 31. Qf6+ Kg8 32. Bf3 Ra8 33. Rd7
Rxa3 34. Qg5 Rxb3 35. Bxh5 Qf5 36. Qxf5 gxf5 37. Bf3 Rbb8 38. Kg3 Rbd8 39. Rc7
d4 40. Rc2 Rc8 41. Rd2 Rfd8 42. Kf4 Kg7 43. g4 fxg4 44. hxg4 Rc4 45. Be4 Kf8
46. Bd3 Rb4 47. Ke4 Ke7 48. f4 f6 49. exf6+ Kxf6 50. g5+ Ke7 51. Ra2 Rd7 52.
Rh2 Kd6 53. Rh6 Rf7 54. Rh2 Rb3 55. Rf2 Ke7 56. Kxd4 e5+ 1/2-1/2

[Event "4NCL"]
[Site "Barcelo Hotel, Hinckley Island"]
[Date "2011.05.02"]
[Round "11.17"]
[White "Ruston, Mark R"]
[Black "Wells, Daniel J"]
[Result "1/2-1/2"]
[WhiteElo "2110"]
[BlackElo "1997"]
[PlyCount "36"]
[EventDate "2011.??.??"]
[WhiteTeam "Sambuca Sharks"]
[BlackTeam "Pandora's Box Grantham"]

1. e4 c5 2. Nc3 Nc6 3. g3 g6 4. Bg2 Bg7 5. d3 d6 6. f4 e6 7. Nf3 Nge7 8. O-O
O-O 9. Be3 b6 10. d4 Ba6 11. Rf2 Qc7 12. Rd2 Na5 13. dxc5 bxc5 14. Rxd6 Nc4 15.
Rxa6 Nxe3 16. Qe2 Nxg2 17. Kxg2 Rfb8 18. Nd1 Bxb2 1/2-1/2

[Event "4NCL"]
[Site "Barcelo Hotel, Hinckley Island"]
[Date "2011.05.02"]
[Round "11.17"]
[White "McCarthy, Kevin C"]
[Black "Russell, Christopher"]
[Result "1/2-1/2"]
[WhiteElo "2018"]
[BlackElo "2089"]
[PlyCount "20"]
[EventDate "2011.??.??"]
[WhiteTeam "Pandora's Box Grantham"]
[BlackTeam "Sambuca Sharks"]

1. c4 f5 2. g3 Nf6 3. Bg2 e6 4. Nc3 d5 5. cxd5 exd5 6. Qb3 c6 7. d3 Qb6 8. Qxb6
axb6 9. Nf3 Bd6 10. O-O O-O 1/2-1/2

[Event "4NCL"]
[Site "Barcelo Hotel, Hinckley Island"]
[Date "2011.05.02"]
[Round "11.18"]
[White "Jirka, Jiri"]
[Black "Shanmugam, Ravindran"]
[Result "1/2-1/2"]
[WhiteElo "2425"]
[BlackElo "2293"]
[PlyCount "63"]
[EventDate "2011.??.??"]
[WhiteTeam "The AD's"]
[BlackTeam "Oxford 1"]

1. d4 d5 2. Nf3 c6 3. c4 e6 4. g3 dxc4 5. Bg2 b5 6. a4 Bb7 7. O-O Nd7 8. b3
cxb3 9. Nbd2 Ngf6 10. Nxb3 a5 11. Nfd2 b4 12. Nc4 Be7 13. Qc2 O-O 14. Rd1 Ra6
15. Nc5 Nxc5 16. dxc5 Qc8 17. Nd6 Bxd6 18. Rxd6 Rd8 19. Bf4 Rxd6 20. Bxd6 Ra8
21. Rd1 Qe8 22. e4 Rd8 23. Bf1 Rd7 24. Bc4 Qc8 25. Qe2 Qd8 26. f3 Ne8 27. e5
Nc7 28. f4 Nd5 29. Rf1 g6 30. g4 Qh4 31. Kh1 h5 32. f5 1/2-1/2

[Event "4NCL"]
[Site "Barcelo Hotel, Hinckley Island"]
[Date "2011.05.02"]
[Round "11.18"]
[White "Rose, Matthew"]
[Black "Cernousek, Lukas"]
[Result "0-1"]
[WhiteElo "2276"]
[BlackElo "2410"]
[PlyCount "92"]
[EventDate "2011.??.??"]
[WhiteTeam "Oxford 1"]
[BlackTeam "The AD's"]

1. e4 c5 2. c3 d5 3. exd5 Qxd5 4. d4 g6 5. Nf3 Bg7 6. Na3 cxd4 7. Bc4 Qe4+ 8.
Be3 Nh6 9. cxd4 O-O 10. Nb5 Nc6 11. Nc3 Qf5 12. O-O Ng4 13. Qd2 Nxe3 14. fxe3
Qh5 15. a3 b6 16. Ne4 h6 17. b4 Bb7 18. Nf2 Qf5 19. Nd3 Qd7 20. Rad1 Rad8 21.
Qa2 e6 22. Rd2 Qe7 23. Rdf2 a6 24. Qe2 b5 25. Ba2 Kh7 26. Nc5 Bc8 27. Rc1 Nb8
28. h4 Nd7 29. h5 gxh5 30. Bb1+ Kh8 31. Qc2 f5 32. e4 Nxc5 33. dxc5 e5 34. exf5
Bxf5 35. Qe2 e4 36. Kh1 Rde8 37. Nh2 Bd4 38. Rff1 Qh4 39. Qd2 e3 40. Qe1 Qxe1
41. Rcxe1 Bxb1 42. Rxf8+ Rxf8 43. Rxb1 e2 44. Nf3 Bf2 45. c6 Bg3 46. Kg1 Rd8
0-1

[Event "4NCL"]
[Site "Barcelo Hotel, Hinckley Island"]
[Date "2011.05.02"]
[Round "11.18"]
[White "Richardson, John R"]
[Black "White, Michael JR"]
[Result "1-0"]
[WhiteElo "2307"]
[BlackElo "2233"]
[PlyCount "111"]
[EventDate "2011.??.??"]
[WhiteTeam "The AD's"]
[BlackTeam "Oxford 1"]

1. d4 Nf6 2. c4 g6 3. Nf3 Bg7 4. g3 O-O 5. Bg2 d6 6. Nc3 Nc6 7. O-O a6 8. h3
Bd7 9. e4 e5 10. Be3 exd4 11. Nxd4 Re8 12. Rc1 Na5 13. b3 c5 14. Nde2 Bc6 15.
Qd3 b5 16. cxb5 axb5 17. Nxb5 Nxe4 18. Rfd1 Nb7 19. a4 Qd7 20. Bf4 Re6 21. Be3
Bf8 22. Nf4 Re5 23. Rc4 f5 24. Bc1 d5 25. Bb2 d4 26. Nxd4 cxd4 27. Rxd4 Qf7 28.
Rc4 Nbc5 29. Qc2 Rae8 30. Bxe5 Rxe5 31. Bf1 g5 32. Nd3 Nxd3 33. Rxc6 Nb4 34.
Bc4 Nxc2 35. Bxf7+ Kxf7 36. Rxc2 Bc5 37. Rd7+ Kg6 38. Rc7 f4 39. Kg2 fxg3 40.
fxg3 Rd5 41. Rc6+ Kf5 42. a5 Bd6 43. a6 Ra5 44. Rb6 Bxg3 45. b4 Ra3 46. Rb5+
Be5 47. Ra5 Rg3+ 48. Kf1 Rf3+ 49. Ke2 Kf4 50. Rc4 Re3+ 51. Kd1 Rd3+ 52. Ke1 Bb8
53. a7 Bxa7 54. Rxa7 Rxh3 55. Rf7+ Ke3 56. Re7 1-0

[Event "4NCL"]
[Site "Barcelo Hotel, Hinckley Island"]
[Date "2011.05.02"]
[Round "11.18"]
[White "Savage, Ben DM"]
[Black "Wheeler, Darren P"]
[Result "0-1"]
[WhiteElo "2289"]
[BlackElo "2236"]
[PlyCount "136"]
[EventDate "2011.??.??"]
[WhiteTeam "Oxford 1"]
[BlackTeam "The AD's"]

1. d4 e6 2. c4 Nf6 3. Nc3 Bb4 4. Qc2 O-O 5. a3 Bxc3+ 6. Qxc3 b6 7. Bg5 Bb7 8.
e3 h6 9. Bh4 d6 10. Ne2 Nbd7 11. Qd3 e5 12. Nc3 Re8 13. f3 exd4 14. Qxd4 Qe7
15. Bf2 a5 16. Be2 Nc5 17. Rd1 Qe5 18. O-O Qxd4 19. exd4 Na4 20. Rd2 Nxc3 21.
bxc3 Ba6 22. Re1 Re6 23. Bf1 Rxe1 24. Bxe1 d5 25. cxd5 Bxf1 26. Kxf1 Nxd5 27.
Re2 b5 28. Re5 c6 29. Ke2 f6 30. Re4 Kf7 31. Kd3 Nb6 32. Bg3 Nc4 33. Re2 Nxa3
34. Bd6 Nc4 35. Re7+ Kg6 36. Bc5 a4 37. Kc2 a3 38. Kb1 a2+ 39. Ka1 Nd2 40. Ba7
Nb1 41. Kxa2 Nxc3+ 42. Kb3 Nd5 43. Rd7 Re8 44. Rd6 Re3+ 45. Kc2 Re2+ 46. Kd3
Rxg2 47. Bc5 Rxh2 48. Rxc6 Kf5 49. Bf8 Nf4+ 50. Kc3 Ne6 51. Bd6 Rh3 52. d5
Rxf3+ 53. Kb4 Nd4 54. Rc7 Ke4 55. Rxg7 Kxd5 56. Bf8 Rb3+ 57. Ka5 h5 58. Rh7 Rh3
59. Rd7+ Ke4 60. Bg7 Rf3 61. Rd6 Ke5 62. Rd7 h4 63. Re7+ Ne6 64. Bh8 h3 65. Rh7
Ng5 66. Rh5 Kf5 67. Rh4 b4 68. Rh6 Ke6 0-1

[Event "4NCL"]
[Site "Barcelo Hotel, Hinckley Island"]
[Date "2011.05.02"]
[Round "11.18"]
[White "Snape, Ian L"]
[Black "Eckersley-Waites, Tom"]
[Result "1/2-1/2"]
[WhiteElo "2241"]
[BlackElo "2246"]
[PlyCount "70"]
[EventDate "2011.??.??"]
[WhiteTeam "The AD's"]
[BlackTeam "Oxford 1"]

1. e4 c5 2. Nf3 Nc6 3. d4 cxd4 4. Nxd4 Nf6 5. Nc3 e5 6. Ndb5 d6 7. Bg5 a6 8.
Na3 b5 9. Nd5 Be7 10. Bxf6 Bxf6 11. c3 O-O 12. Nc2 Bg5 13. a4 bxa4 14. Rxa4 a5
15. Bc4 Rb8 16. Ra2 Kh8 17. Nce3 Bxe3 18. Nxe3 Ne7 19. b3 f5 20. exf5 Nxf5 21.
Nxf5 Bxf5 22. O-O Bg6 23. Bd5 Qc7 24. Qd2 Bf7 25. Bxf7 Rxf7 26. Qd5 Rff8 27. c4
Rxb3 28. Rxa5 Qb6 29. h3 Rb1 30. Rxb1 Qxb1+ 31. Kh2 Qf5 32. f3 Qf4+ 33. Kh1
Qc1+ 34. Kh2 Qf4+ 35. Kh1 Qc1+ 1/2-1/2

[Event "4NCL"]
[Site "Barcelo Hotel, Hinckley Island"]
[Date "2011.05.02"]
[Round "11.18"]
[White "Shaw, David A"]
[Black "Anderton, David W"]
[Result "1/2-1/2"]
[WhiteElo "2244"]
[BlackElo "2208"]
[PlyCount "48"]
[EventDate "2011.??.??"]
[WhiteTeam "Oxford 1"]
[BlackTeam "The AD's"]

1. e4 e6 2. d4 d5 3. Nc3 Nf6 4. Bg5 Bb4 5. exd5 Qxd5 6. Bxf6 Bxc3+ 7. bxc3 gxf6
8. Qg4 Ke7 9. Qg7 Qe4+ 10. Kd1 Rd8 11. Bd3 Qd5 12. Nf3 Bd7 13. Qxh7 Nc6 14. Nh4
Be8 15. Re1 Kd7 16. Qh6 Qg5 17. Qxg5 fxg5 18. Nf3 g4 19. Ng5 Ne7 20. Ne4 Nd5
21. Bc4 Ke7 22. Kd2 Bc6 23. h3 gxh3 24. gxh3 Nf4 1/2-1/2

[Event "4NCL"]
[Site "Barcelo Hotel, Hinckley Island"]
[Date "2011.05.02"]
[Round "11.18"]
[White "Swindells, Jonathan E"]
[Black "Smallbone, Kieran D"]
[Result "1-0"]
[WhiteElo "2170"]
[BlackElo "2221"]
[PlyCount "127"]
[EventDate "2011.??.??"]
[WhiteTeam "The AD's"]
[BlackTeam "Oxford 1"]

1. e4 d6 2. f4 Nf6 3. Nc3 Bg4 4. Be2 Bxe2 5. Qxe2 c6 6. e5 dxe5 7. fxe5 Nd5 8.
e6 f6 9. Nh3 g6 10. d4 Bg7 11. Nxd5 Qxd5 12. c3 Na6 13. Nf4 Qd6 14. Nd3 c5 15.
Bf4 Qc6 16. Nxc5 Nxc5 17. dxc5 Qxc5 18. Be3 Qe5 19. Bd4 Qxe2+ 20. Kxe2 b6 21.
Kf3 O-O-O 22. a4 Kb7 23. a5 Rd6 24. Rhe1 Rc8 25. Re2 Rcc6 26. axb6 axb6 27.
Rae1 b5 28. b4 Rd5 29. Ra1 Rf5+ 30. Kg3 Rc7 31. Ra7+ Kc6 32. Rxc7+ Kxc7 33. Bc5
Rxc5 34. bxc5 f5 35. Rd2 Kc6 36. Rd7 Bf6 37. Kf3 Kxc5 38. Ke3 Kc4 39. Rc7+ Kd5
40. Kd3 Kd6 41. Rb7 Kc6 42. Rd7 Kc5 43. h3 h5 44. Rd8 g5 45. Ra8 Kd5 46. Ra5
Kc6 47. Ra2 Kd5 48. Rb2 Kc5 49. Rf2 f4 50. h4 Kd5 51. hxg5 Bxg5 52. Rb2 Kc5 53.
Rb4 Bh6 54. Rd4 Bg5 55. Rd7 f3 56. gxf3 h4 57. Ke4 Bf6 58. Kf4 Kc4 59. Rb7 Kc5
60. Kg4 Kc4 61. f4 Kc5 62. f5 Kc4 63. Rc7+ Kd3 64. Rc5 1-0

[Event "4NCL"]
[Site "Barcelo Hotel, Hinckley Island"]
[Date "2011.05.02"]
[Round "11.18"]
[White "Tidman, Sophie E"]
[Black "Bellin, Jana"]
[Result "0-1"]
[WhiteElo "2109"]
[BlackElo "2137"]
[PlyCount "102"]
[EventDate "2011.??.??"]
[WhiteTeam "Oxford 1"]
[BlackTeam "The AD's"]

1. e4 c5 2. Nf3 e6 3. d4 cxd4 4. Nxd4 a6 5. Nc3 Qc7 6. Bd3 Nf6 7. O-O Nc6 8.
Be3 b5 9. Nxc6 dxc6 10. f4 e5 11. fxe5 Ng4 12. Qf3 Nxe3 13. Qxe3 Qxe5 14. Qf3
Bc5+ 15. Kh1 Be6 16. Qf4 Qxf4 17. Rxf4 Bd4 18. a3 O-O 19. Rb1 Rad8 20. Ne2 Be5
21. Rf2 f6 22. Nf4 Bf7 23. g3 Rfe8 24. a4 Bd4 25. Rd2 g5 26. Ng2 Bg6 27. axb5
axb5 28. Re2 Re7 29. c4 Bb6 30. Bc2 bxc4 31. Ra1 Bh5 32. Ree1 Rd2 33. Bd1 Bg6
34. Bf3 Rxb2 35. Ra8+ Kg7 36. Ne3 Bxe3 37. Rxe3 Rb3 38. Rxb3 cxb3 39. Rb8 Bxe4
40. Bxe4 Rxe4 41. Rxb3 c5 42. Rb7+ Kg6 43. Rc7 c4 44. Kg2 g4 45. Kf2 Kf5 46.
Rxh7 Ke5 47. h4 gxh3 48. Kf3 f5 49. Rxh3 c3 50. Rh8 Kd4 51. Rc8 Kd3 0-1